000 00520nam a2200169 i 4500
001 44343
003 ES-MaACL
005 20230906161017.0
007 t|
008 030321s1963 sp ||||1| spa d
100 1 _aCifuentes Martínez, César.
_938812
245 1 0 _aNociones de ciencias naturales
_b: adaptado al primer curso del grado de iniciación profesional /
_cCésar Cifuentes Martínez.
250 _a6ª ed.
260 _aLeón :
_bEverest,
_c[1963]
300 _bil.
852 _aES-MaACL
_jC-49823
_bR.67299
999 _c44343
_d44343